<?xml version="1.0" encoding="UTF-8"?>
<record
    xmlns:xsi="http://www.w3.org/2001/XMLSchema-instance"
    xsi:schemaLocation="http://www.loc.gov/MARC21/slim http://www.loc.gov/standards/marcxml/schema/MARC21slim.xsd"
    xmlns="http://www.loc.gov/MARC21/slim">

  <leader>03377nam a2200241Ia 4500</leader>
  <datafield tag="952" ind1=" " ind2=" ">
    <subfield code="0">0</subfield>
    <subfield code="1">0</subfield>
    <subfield code="2">lcc</subfield>
    <subfield code="4">0</subfield>
    <subfield code="7">0</subfield>
    <subfield code="a">21</subfield>
    <subfield code="b">21</subfield>
    <subfield code="d">2019-01-09</subfield>
    <subfield code="l">0</subfield>
    <subfield code="o">QH308.2 I58 2017</subfield>
    <subfield code="p">21 003898</subfield>
    <subfield code="r">2019-01-09</subfield>
    <subfield code="t">1</subfield>
    <subfield code="w">2019-01-09</subfield>
    <subfield code="y">LB</subfield>
  </datafield>
  <datafield tag="952" ind1=" " ind2=" ">
    <subfield code="0">0</subfield>
    <subfield code="1">0</subfield>
    <subfield code="2">lcc</subfield>
    <subfield code="4">0</subfield>
    <subfield code="7">0</subfield>
    <subfield code="a">21</subfield>
    <subfield code="b">21</subfield>
    <subfield code="d">2019-01-09</subfield>
    <subfield code="l">1</subfield>
    <subfield code="m">1</subfield>
    <subfield code="o">QH308.2 I58 2017</subfield>
    <subfield code="p">21 003899</subfield>
    <subfield code="r">2023-04-17</subfield>
    <subfield code="s">2023-03-27</subfield>
    <subfield code="t">2</subfield>
    <subfield code="w">2019-01-09</subfield>
    <subfield code="y">LB</subfield>
  </datafield>
  <datafield tag="999" ind1=" " ind2=" ">
    <subfield code="c">103744</subfield>
    <subfield code="d">103744</subfield>
  </datafield>
  <controlfield tag="008">120720s2017    ag a          000 0 spa d</controlfield>
  <datafield tag="020" ind1=" " ind2=" ">
    <subfield code="a">9789500694810</subfield>
  </datafield>
  <datafield tag="050" ind1="0" ind2="4">
    <subfield code="a">QH308.2 </subfield>
    <subfield code="b">I58 2017</subfield>
  </datafield>
  <datafield tag="245" ind1="0" ind2="0">
    <subfield code="a">Invitaci&#xF3;n a la biolog&#xED;a en contexto social /  </subfield>
    <subfield code="c">Helena Curtis..[et al.] ; il. Juan Araoz, Juan Pablo Vitori, Carolina Villa Mayor</subfield>
  </datafield>
  <datafield tag="250" ind1=" " ind2=" ">
    <subfield code="a">7a ed.</subfield>
  </datafield>
  <datafield tag="260" ind1=" " ind2=" ">
    <subfield code="a">Buenos Aires, Argentina</subfield>
    <subfield code="b">: Panamericana</subfield>
    <subfield code="c">, 2017</subfield>
  </datafield>
  <datafield tag="300" ind1=" " ind2=" ">
    <subfield code="a">813 p. :</subfield>
    <subfield code="b">il . en col.</subfield>
    <subfield code="c">; 27 cm</subfield>
  </datafield>
  <datafield tag="500" ind1=" " ind2=" ">
    <subfield code="a">1a reimpresi&#xF3;n de la 7a ed., 2017</subfield>
  </datafield>
  <datafield tag="505" ind1=" " ind2=" ">
    <subfield code="a">Secci&#xF3;n 1 Ciencia y Tecnolog&#xED;a en Contexto Social. Cap. 1 Los procesos de construcci&#xF3;n del conocimiento cient&#xED;fico
Cap. 2 El estudio de la biolog&#xED;a en la actualidad. Secci&#xF3;n 2
La unidad de la vida. Cap. 3 Origen de la c&#xE9;lula Cap. 4 La organizaci&#xF3;n de las c&#xE9;lulas Cap. 5 La continuidad de la vida 
Cap. 6 Metabolismo y Energ&#xED;a Cap. 7 Fotos&#xED;ntesis, luz y vida 
Ap&#xE9;ndices Ap&#xE9;ndice 1: &#xC1;tomos y mol&#xE9;culas Ap&#xE9;ndice 2: Is&#xF3;topos Ap&#xE9;ndice 3: El agua y los puentes de hidr&#xF3;geno Ap&#xE9;ndice 4: La qu&#xED;mica de los seres vivos Secci&#xF3;n 3 Patrones y procesos de la herencia Cap. 8 La reproducci&#xF3;n sexual y las bases cromos&#xF3;micas de la herencia Cap. 9 El flujo de informaci&#xF3;n gen&#xE9;tica: los caminos a la s&#xED;ntesis de prote&#xED;nas 
Cap. 10 Los genomas, su expresi&#xF3;n y regulaci&#xF3;n Cap. 11 La manipulaci&#xF3;n de la informaci&#xF3;n gen&#xE9;tica Cap. 12 Gen&#xE9;tica humana Secci&#xF3;n 4 Evoluci&#xF3;n Cap. 13 Evoluci&#xF3;n: historia de la teor&#xED;a y sus evidencias Cap. 14 Las bases gen&#xE9;ticas de la evoluci&#xF3;n Cap. 15 Los procesos del cambio evolutivo y el origen de las especies Cap. 16 Macroevoluci&#xF3;n: la historia de la vida Cap. 17 La evoluci&#xF3;n de los hom&#xED;nidos Secci&#xF3;n 5
La diversidad de la vida Cap. 18 La clasificaci&#xF3;n de los organismos Cap. 19 Bacteria y Archaea: los procariontes Cap. 20 Eukarya I: los protistas, eucariontes heterog&#xE9;neos Cap. 21 Eukarya II: el linaje de las algas verdes y las plantas Cap. 22 Eukarya III: el linaje de los hongos y los animales Secci&#xF3;n 6
Biolog&#xED;a de los animales Cap. 23 Los tejidos, &#xF3;rganos y sistemas de los vertebrados Cap 24 El sistema nervioso: estructura y funci&#xF3;n Cap. 25 Percepci&#xF3;n sensorial, procesamiento de la informaci&#xF3;n y respuesta motora Cap. 26 El sistema endocrino Cap. 27 La respiraci&#xF3;n Cap. 28 La circulaci&#xF3;n Cap. 29 La digesti&#xF3;n Cap. 30 Equilibrio h&#xED;drico y regulaci&#xF3;n t&#xE9;rmica Cap. 31 La respuesta inmunitaria  Cap. 32 La reproducci&#xF3;n Cap. 33 El desarrollo embrionario Secci&#xF3;n 7
Biolog&#xED;a de las plantas Cap. 34 Estructura y reproducci&#xF3;n de las plantas Cap. 35 El transporte en las plantas Cap. 36 El crecimiento y desarrollo en las plantas Secci&#xF3;n 8 Ecolog&#xED;a 
Cap. 37 Estructura y din&#xE1;mica de las poblaciones  Cap. 38 Interacciones en las comunidades Cap. 39 Ecosistemas
Cap. 40 La biosfera Cap. 51 Intervenciones humanas y  cambios globales  Lecturas complementarias L-1. Glosario G-1. Procedencia de las ilustraciones P-1. &#xCD;ndice anal&#xED;tico I-1</subfield>
  </datafield>
  <datafield tag="519" ind1=" " ind2=" ">
    <subfield code="a">Plan UNAM /</subfield>
    <subfield code="b">Colegio de Ciencia y Humanidades /</subfield>
    <subfield code="c">Biolog&#xED;a III (1505) /</subfield>
    <subfield code="d">(21 003898, 21 003899)</subfield>
  </datafield>
  <datafield tag="650" ind1=" " ind2=" ">
    <subfield code="a">BIOLOGIA</subfield>
  </datafield>
  <datafield tag="700" ind1="1" ind2=" ">
    <subfield code="a">Curtis, Helena</subfield>
    <subfield code="e">, autor</subfield>
  </datafield>
  <datafield tag="700" ind1="1" ind2=" ">
    <subfield code="a">Araoz Juan</subfield>
    <subfield code="e">, il.</subfield>
  </datafield>
  <datafield tag="700" ind1="1" ind2=" ">
    <subfield code="a">Vitori, Juan Pablo</subfield>
    <subfield code="e">, il.</subfield>
  </datafield>
  <datafield tag="700" ind1="1" ind2=" ">
    <subfield code="a">Villamayor, Carolina</subfield>
    <subfield code="e">, il.</subfield>
  </datafield>
  <datafield tag="942" ind1=" " ind2=" ">
    <subfield code="2">lcc</subfield>
    <subfield code="c">HMAN</subfield>
  </datafield>
</record>
